zpět

Detail výsledku týmu

Auto Da Fé ST, Kladno

Datum a čas kvízu

32 Celkem bodů Celkový počet nahraných bodů na tomto kvízu bez doplňovacích otázek.
4. Pořadí na kvízu Konečné umístění týmu na tomto kvízu.

Zaznamenané odpovědi

# Otázka Odpověď Body Výsledky
1. Vozidla taxislužeb již zřejmě... taxametrem 1
2. Jeden z favoritů prezidentskýc... Zuzana Čaputová 0
3. Dlouho očekávané tmavé téma do... Messenger 0
4. Irský oděvní řetězec, populárn... Primark 1
5. Český cyklista Zdeněk Štybar o... v Belgii 0
6. Praha, Plzeň, Pardubice, Příbr... Prachatice 1
7. Oganesson, xenon, radon, argon... neon 1
8. Babiš, Sobotka, Zeman, Topolán... Josef Tošovský 1
9. Bohdalová, Kubišová, Rettigová... Božena Němcová 1
10. Komedie omylů, Zkrocení zlé že... Veselé paničky windsorské 0